000 00686pam a2200241 4500
001 18208
003 BD-RjUL
005 20211209000243.0
008 140219r19521947ctu 000 0 eng
020 _a0837169348
035 _a(BD-RjUL)18266
040 _aDLC
_cDLC
_dDLC
_dBD-RjUL
_beng
041 _aeng
082 0 0 _a801.951
_bGLG 1952
100 1 _aGlassey, Stanley Churchill.
_92746
245 1 4 _aThe groundwork of criticism :
_bJudging poetry /
_cby Stanley C. Glassey.
260 _aWLondon :
_bGreenwood Press,
_c1947 [Reprinted 1952].
300 _a175 p. ;
_c22 cm.
650 0 _aPoetry.
_956058
942 _2ddc
_cBK
999 _c18208
_d18208